| 000 | 00751nam a2200205Ia 4500 | ||
|---|---|---|---|
| 001 | 5711 | ||
| 003 | GE_BSU | ||
| 008 | 181216s||||||||xx |||||||||||||| ||und|| | ||
| 040 | _cGE_BSU | ||
| 080 | _a5129514 | ||
| 100 | _aЭ.Б. Винберг. | ||
| 245 | _aАлебра многочленов учеб. пособие для студентов-заочников III-IV курсов физ.-мат. фак. пед. ин-тов | ||
| 245 | _bМосковский Гос заочный пед. ин-ут | ||
| 260 | _aМоска | ||
| 260 | _bПросвещение, | ||
| 260 | _c1980. | ||
| 300 | _a144с. 22см. | ||
| 653 | _aАлебра многочленов. учеб. пособие для студ.- заочников | ||
| 942 | _cBK | ||
| 999 |
_c39128 _d39128 |
||